000 00757nam a22002177a 4500
005 2010072205365.0
010 _aENG-97346
020 _c800.00
_a9788175245907
020 _c800.00
_a8175245905
035 _aEN-80879
037 _bDBAD/PUB
082 _a617.1027
100 _aSinku Kumar Singh
_93405
245 _aSports injuries and rehabilitation /
_cby Sinku Kumar Singh
260 _aNew Delhi
_bKhel Sahitya Kendra
_c2010
270 _a7/26, Ansari Road, Darya Ganj,
_bNew Delhi
_e110002
300 _a342p.
_c23cm (Hb)
_bill
700 _92116
942 _2ddc
_cEN
_mSIN
_h617.1027
999 _c38101
_d38101